MARC

LEADER 00000nam0a2200000 4500
001 250272
005 20231101232540.0
020 |a RU  |b 89-4865 
035 |a (RuTPU)RU\TPU\book\272456 
090 |a 250272 
100 |a 20140212d1989 m y0rusy5003 ca 
101 0 |a rus 
102 |a RU 
105 |a a z 001zy 
200 1 |a Там, где сошлись вода и пламя. Вулкагенно-осадочное рудообразование  |f В. Е. Попов 
210 |a Ленинград  |c Знание  |d 1989 
215 |a 30,[2] с.  |c ил. 
225 1 |a В помощь лектору  |f О-во "Знание" РСФСР, Ленингр. орг. 
320 |a Библиогр.: с. 31. 
606 1 |a Рудообразование гидротермальное  |2 stltpush  |3 (RuTPU)RU\TPU\subj\26047  |9 50062 
610 1 |a вулкагенное осадконакопление 
610 1 |a вулканизм 
610 1 |a осадочное породообразование 
610 1 |a полезные ископаемые 
610 1 |a месторождения 
610 1 |a генезис 
675 |a 553.2.065  |z rus 
700 1 |a Попов  |b В. Е.  |g Виктор Евгеньевич  |4 070 
801 0 |a RU  |b RuMRKP  |c 19950417  |g psbo 
801 1 |a RU  |b 63413507  |c 20140212 
801 2 |a RU  |b 63413507  |c 20140220  |g RCR 
942 |c BK